000 01521cam a22002894a 4500
001 16207160
005 20110516163816.0
008 100428s2011 enkb b 001 0 eng
020 _a9780199744848 (alk. paper)
020 _a019974484X (alk. paper)
035 _a(OCoLC)ocn611553075
040 _aDLC
_cDLC
_dYDX
_dYDXCP
_dNLGGC
_dBWX
_dMNJ
_dCDX
_dIUL
_dDLC
082 0 0 _a281.720962
_222
_bARM
100 1 _aArmanios, Febe,
_d1974-
_928870
245 1 0 _aCoptic Christianity in Ottoman Egypt /
_cFebe Armanios.
260 _aOxford ;
_aNew York :
_bOxford University Press,
_c2011.
300 _aix, 254 p. :
_bmap ;
_c24 cm.
504 _aIncludes bibliographical references (p. [155]-243) and index.
505 0 _aLocating Copts in Ottoman history -- Championing a communal ethos : the neo-martyrdom of St. Salib in the sixteenth century -- A female martyr cult in the Nile Delta : Dimyana and the forty virgins -- The miracle of pilgrimage : a journey to Jerusalem in the early eighteenth century -- Weapons of the faithful : defining orthodoxy through sermons.
610 2 0 _aCoptic Church
_xHistory.
_928871
651 0 _aEgypt
_xChurch history.
_928872
651 0 _aTurkey
_xHistory
_yOttoman Empire, 1288-1918.
_928873
653 _bPol
_cFebruary2012
942 _2ddc
_cBB
999 _c16456
_d16456